| 000 -LEADER |
| fixed length control field |
01376cam a2200337 a 4500 |
| 001 - CONTROL NUMBER |
| control field |
14656284 |
| 005 - DATE AND TIME OF LATEST TRANSACTION |
| control field |
20250515112116.0 |
| 008 - FIXED-LENGTH DATA ELEMENTS--GENERAL INFORMATION |
| fixed length control field |
061205s2007 nyua b 001 0 eng |
| 010 ## - LIBRARY OF CONGRESS CONTROL NUMBER |
| LC control number |
2006939782 |
| 020 ## - INTERNATIONAL STANDARD BOOK NUMBER |
| International Standard Book Number |
9780387448978 (pt. A : acidfree paper) |
| 020 ## - INTERNATIONAL STANDARD BOOK NUMBER |
| International Standard Book Number |
9780387683461 (pt. A : soft cover : acidfree paper) |
| 020 ## - INTERNATIONAL STANDARD BOOK NUMBER |
| Canceled/invalid ISBN |
9780387448993 (pt. A : ebook) |
| 020 ## - INTERNATIONAL STANDARD BOOK NUMBER |
| International Standard Book Number |
9780387683508 (pt. B : acidfree paper) |
| 020 ## - INTERNATIONAL STANDARD BOOK NUMBER |
| International Standard Book Number |
9780387683546 (pt. B : soft cover : acidfree paper) |
| 020 ## - INTERNATIONAL STANDARD BOOK NUMBER |
| International Standard Book Number |
9780387448992 (pt. B : ebook) |
| 040 ## - CATALOGING SOURCE |
| Original cataloging agency |
DLC |
| Transcribing agency |
DLC |
| 050 00 - LIBRARY OF CONGRESS CALL NUMBER |
| Classification number |
QD251.3 |
| Item number |
.C367 2007 |
| 082 ## - DEWEY DECIMAL CLASSIFICATION NUMBER |
| Classification number |
547 |
| Author Mark |
CAR 2007 |
| 100 1# - MAIN ENTRY--PERSONAL NAME |
| Personal name |
Carey, Francis A., |
| Dates associated with a name |
1937- |
| 9 (RLIN) |
128952 |
| 245 10 - TITLE STATEMENT |
| Title |
Advanced organic chemistry |
| Statement of responsibility, etc. |
Frank A. Carey and Richard J. Sundberg. |
| 250 ## - EDITION STATEMENT |
| Edition statement |
5th ed. |
| 260 ## - PUBLICATION, DISTRIBUTION, ETC. |
| Place of publication, distribution, etc. |
New York : |
| Name of publisher, distributor, etc. |
Springer, |
| Date of publication, distribution, etc. |
c2007. |
| 300 ## - PHYSICAL DESCRIPTION |
| Extent |
2 v. : |
| Other physical details |
ill. ; |
| Dimensions |
26 cm. |
| 504 ## - BIBLIOGRAPHY, ETC. NOTE |
| Bibliography, etc. note |
Includes bibliographical references and index. |
| 505 0# - FORMATTED CONTENTS NOTE |
| Formatted contents note |
pt. A. Structure and mechanisms -- pt. B. Reactions and synthesis. |
| 650 #0 - SUBJECT ADDED ENTRY--TOPICAL TERM |
| Topical term or geographic name entry element |
Advanced Organic Chemistry. |
| Source of heading or term |
Part A: Structure and Mechanisms |
| 9 (RLIN) |
128953 |
| 700 1# - ADDED ENTRY--PERSONAL NAME |
| Personal name |
Sundberg, Richard J., |
| Dates associated with a name |
1938- |
| 9 (RLIN) |
128954 |
| 906 ## - LOCAL DATA ELEMENT F, LDF (RLIN) |
| a |
7 |
| b |
cbc |
| c |
origcop |
| d |
2 |
| e |
epcn |
| f |
20 |
| g |
y-gencatlg |
| 942 ## - ADDED ENTRY ELEMENTS (KOHA) |
| Source of classification or shelving scheme |
|
| Koha item type |
Book |
| Edition |
5th |
| Call number prefix |
547 CAR 2007 |
| Call number suffix |
547 CAR 2007 |